Statistiques concernant Capitales avec la lettre N

Cliquez ici pour prendre le quiz!

Statistiques générales

  • Ce quiz a été pris 149 fois
    (85 depuis la dernière actualisation)
  • Le résultat moyen est 62 sur 93

Statistiques - réponses

HintRéponse% Correct
NHelsinki
91%
NNWashington
91%
NNLisbonne
88%
NLondres
88%
NBerlin
84%
NDublin
84%
NNSaint-Marin
84%
NNWellington
84%
NCopenhague
81%
NMonaco
81%
NNew Delhi
81%
NPanama
81%
NNNAntananarivo
79%
NBerne
79%
NManille
79%
NMinsk
79%
NTunis
79%
NAndorre-la-Vieille
77%
NAnkara
77%
NCanberra
77%
NNairobi
77%
NVatican
77%
NAthènes
74%
NHanoï
74%
NNTallinn
74%
NNVienne
74%
NVilnius
74%
NNAsuncion
72%
NBuenos Aires
72%
NMontevideo
72%
NNicosie
72%
NOulan-Bator
72%
NPékin
72%
NSantiago
72%
NTéhéran
72%
NYaoundé
72%
NBangkok
70%
NConakry
70%
NErevan
70%
NGeorgetown
70%
NNKingston
70%
NNKingstown
70%
NNassau
70%
NSanaa
70%
NSan José
70%
NNVientiane
70%
NAmman
67%
NAstana
67%
NChisinau
67%
NLuanda
67%
NManagua
67%
NNiamey
67%
NNSaint-Domingue
67%
NBelmopan
65%
NKinshasa
65%
NLa Havane
65%
NNPyongyang
65%
NSan Salvador
65%
NTirana
65%
NLjubljana
63%
NManama
63%
NNouakchott
63%
NKatmandou
60%
NPristina
60%
NBanjul
58%
NGaborone
58%
NNN'Djamena
58%
NNPhnom Penh
58%
NPort-au-Prince
58%
NPorto-Novo
58%
NNSaint John's
58%
NTachkent
58%
NWindhoek
58%
NBangui
56%
NFreetown
56%
NFunafuti
56%
NMonrovia
56%
NMoroni
56%
NSaint-Georges
56%
NSingapour
56%
NNBandar Seri Begawan
53%
NDouchanbé
53%
NNuku'alofa
49%
NPort-d'Espagne
49%
NBridgetown
47%
NNaypyidaw
47%
NYaren
47%
NBloemfontein
44%
NSri Jayawardenapura Kotte
44%
NHoniara
40%
NLilongwe
40%
NMbabane
40%
NNgerulmud
35%

Distribution des résultats

Percentile par nombre de réponses

% des personnes avec chaque résultat

Votre développement - résultats

Vous n’avez pas pris ce quiz depuis la dernière actualisation